BIBLIOTECA PODER JUDICIAL
Portal Judicial TDF

Del daño injustamente sufrido al daño injustamente agravado / (Registro nro. 5650)

000 -LEADER
fixed length control field 01661nab a22002657a 4500
003 - CONTROL NUMBER IDENTIFIER
control field OSt
005 - DATE AND TIME OF LATEST TRANSACTION
control field 20251224122007.0
008 - FIXED-LENGTH DATA ELEMENTS--GENERAL INFORMATION
fixed length control field 190603e xxum|||| |||| 00| 0 spa d
040 ## - CATALOGING SOURCE
Transcribing agency PJ
100 ## - MAIN ENTRY--PERSONAL NAME
9 (RLIN) 3609
Personal name Gasparini, Juan Andrés
245 10 - TITLE STATEMENT
Title Del daño injustamente sufrido al daño injustamente agravado /
Statement of responsibility, etc Juan Andrés Gasparini, Facundo Peralta Mariscal.
260 ## - PUBLICATION, DISTRIBUTION, ETC. (IMPRINT)
Date of publication, distribution, etc Ciudad Autónoma de Buenos Aires :
Place of publication, distribution, etc Thomson Reuters La Ley,
Name of publisher, distributor, etc 2025.
300 ## - PHYSICAL DESCRIPTION
Extent p. 183
500 ## - GENERAL NOTE
General note Cita: TR LALEY AR/DOC/1046/2025 <br/>Publicado en: RCCyC 2025 (junio).
505 ## - FORMATTED CONTENTS NOTE
Formatted contents note Sumario: I. Introito.— II. Responsabilidad civil en su función resarcitoria. El derecho de daños y su evolución: desde la deuda de responsabilidad al crédito a la indemnización.— III. El principio de la reparación plena como derecho de rango constitucional en la jurisprudencia de la Corte Suprema de Justicia de la Nación.— IV. Del daño injustamente sufrido al daño injustamente agravado. Función preventiva de la responsabilidad civil y su vinculación con los principios generales que orientan la cultura jurídica: buena fe y ejercicio abusivo del derecho.— V. Colofón.
505 ## - FORMATTED CONTENTS NOTE
Title ¿Te interesa el texto completo? Solicitalo al correo: koha@justierradelfuego.gov.ar
650 #0 - SUBJECT ADDED ENTRY--TOPICAL TERM
9 (RLIN) 1497
Topical term or geographic name as entry element CODIGO CIVIL Y COMERCIAL
650 #0 - SUBJECT ADDED ENTRY--TOPICAL TERM
9 (RLIN) 1467
Topical term or geographic name as entry element RESPONSABILIDAD CIVIL
650 #0 - SUBJECT ADDED ENTRY--TOPICAL TERM
9 (RLIN) 3331
Topical term or geographic name as entry element DAÑO
650 #0 - SUBJECT ADDED ENTRY--TOPICAL TERM
9 (RLIN) 3332
Topical term or geographic name as entry element DAÑO RESARCIBLE
650 #0 - SUBJECT ADDED ENTRY--TOPICAL TERM
9 (RLIN) 4707
Topical term or geographic name as entry element BUENA FE
700 ## - ADDED ENTRY--PERSONAL NAME
9 (RLIN) 6614
Personal name Peralta Mariscal, Facundo
773 0# - HOST ITEM ENTRY
Host Biblionumber 2713
Host Itemnumber 3170
Place, publisher, and date of publication Ciudad Autónoma de Buenos Aires : Thomson Reuters La Ley, 2015-
Title Revista Código Civil y Comercial. Nº 3 - Junio 2025
942 ## - ADDED ENTRY ELEMENTS (KOHA)
Source of classification or shelving scheme
Koha item type Analítica Artículo de Revista

No hay ítems disponibles.

12 de Octubre 789 Ushuaia - Tel:  54(02901)441571
Horario de Atención: 8.00 a 17.00 hs. 
bibliotecaush@justierradelfuego.gov.ar
koha@justierradelfuego.gov.ar
Seguinos en nuestras redes @bibliojustdf 

Con tecnología Koha